00939nam a22002177a 4500999001700000005001700017008004100034040002700075041000800102044000700110110002900117245018600146260001200332300005400344650002100398650002200419650003800441650001200479942001700491952021300508 c20630d2063020200221093618.0191209b xxu||||| |||| 00| 0 spa d aCO-BoIAVH cCO-BoIAVH  aspa ack aCorporación Suna Hisca aLos cerros orientales de Bogotá:bRestauración en los predios de la empresa de acueducto de Bogotá reserva forestal protectora bosque oriental microcuenca río san francisco. a:b,c. a4 folletos plegable:bfotografías,c19 x 24 cm. 0aReserva forestal 0aCerros orientales 0aMicrocuencavríozSan francisco 0aPredios 2ddccFolleto 00102ddc40708HEMEROTECAaBogotabBogotad2019-12-09l0oFG-0483p043868r2019-12-09 00:00:00tEj.1w2019-12-09xCanjeyFolletozIncluye 4 folletos plegables: (CID-044225, CID-044224, CID-04223, CID-04222)